000 01998nam a2200457 c 4500
003 BLK
005 20250306150448.0
008 180411b bul|||||r ||||||| ||bul||
010 _aKNG00198475000
020 _a978-954-26-1644-3
_bиздат.: Хермес
040 _aBLK
041 _aBUL
_cBUL
072 7 _2bullib
_aН82
_xЛитературознание Н
080 _aБългарска литература
_b821.163.2
_x(092)
_z821.163.2(092)
080 _aБългарска литература
_b821.163.2
_x-1.09
_z821.163.2-1.09
080 _aБългарски поет
_b929 Яворов, Пейо Крачолов
_x
_z929 Яворов, Пейо Крачолов
100 1 _aНеделчев, Михаил Димитров
_eпърви автор
_9365153
139 _aНеделчев, Михаил Димитров
_bЯ 18
245 1 0 _aЯворов
_bСюжетите на последните години
_cМихаил Димитров Неделчев.
257 _aBGR
260 Пловдив
_bХермес
_c2016
_fСофия : Алианс принт
300 _a304 с.
_bс ил., факс., 3 л. : сн.
_c21 см
380 _a82
500 _aЗа автора.
650 4 _aПоети, български - творчество
_9250545
650 4 _aПоезия, българска - теми, образи, сюжети
_9242871
650 4 _aПоети, български - литературна критика
_9266140
651 4 _aБългария
_9241624
653 _aПейо Яворов
653 _aбългарски поети
653 _aбългарска поезия
653 _aсюжети
653 _aлитературни анализи
659 _aН
852 _aЦб 283661
856 4 _qpdf
_u
856 4 _qpdf
_u
942 _cKNG
_n0
_05
944 _aCR
_c17.12.2016
_lЦветелина Шанова
_k30531
944 _aED
_c19.06.2017
_lф /
_kПенка_Димитрова
999 _c189432
_d189432